| 000 | 00607nam a22001817a 4500 | ||
|---|---|---|---|
| 003 | SISC | ||
| 005 | 20160203151034.0 | ||
| 008 | 130907t xxu||||| |||| 00| 0 eng d | ||
| 050 |
_aRM 259 _b.D687 1981 |
||
| 082 |
_aHS 613.28 _bD 1981 |
||
| 100 |
_aDonsbach, Kurt W. _917110 |
||
| 245 |
_aDr. Doncbach tells you what you always wanted to know about vitamins / _cKurt W. Donsbach. |
||
| 260 |
_aHunting Beach, CA : _bThe International Institute of health Sciences, Inc, _cc1981. |
||
| 300 |
_a27 p. ; _c21 cm. |
||
| 650 |
_aVitamins (applied nutrition) _917111 |
||
| 942 |
_2lcc _cBK |
||
| 999 |
_c10618 _d10618 |
||